| Tag |
First Indicator |
Second Indicator |
Subfields |
| LEADER |
00000cam a2200000 4500 |
| 001 |
in00000098499 |
| 005 |
20150926125517.0 |
| 008 |
690616s1969 nyua b 00110 eng |
| 010 |
|
|
|a 69014627
|
| 035 |
|
|
|a (OCoLC)00012215
|
| 035 |
|
|
|9 AAL3439AM
|
| 037 |
|
|
|c 7.95
|
| 040 |
|
|
|a DLC
|c DLC
|d TXA
|d UtOrBLW
|
| 049 |
|
|
|a TXAM
|c [526294]
|
| 050 |
0 |
0 |
|a TL789.8.U5
|b K4
|
| 082 |
0 |
|
|a 629.4/0973
|
| 100 |
1 |
|
|a Kennan, Erlend A.
|
| 245 |
1 |
0 |
|a Mission to the moon ;
|b a critical examination of NASA and the space program /
|c by Erlend A. Kennan and Edmund H. Harvey, Jr.
|
| 264 |
|
1 |
|a New York :
|b Morrow,
|c 1969.
|
| 300 |
|
|
|a xviii, 396 pages :
|b illustrations ;
|c 24 cm.
|
| 336 |
|
|
|a text
|b txt
|2 rdacontent
|
| 337 |
|
|
|a unmediated
|b n
|2 rdamedia
|
| 338 |
|
|
|a volume
|b nc
|2 rdacarrier
|
| 504 |
|
|
|a Bibliography: pages 353-388.
|
| 610 |
1 |
0 |
|a United States.
|b National Aeronautics and Space Administration.
|
| 650 |
|
0 |
|a Astronautics and state
|z United States.
|
| 610 |
2 |
0 |
|a Project Apollo (U.S.)
|
| 700 |
1 |
|
|a Harvey, Edmund H.
|
| 999 |
|
|
|a MARS
|
| 999 |
f |
f |
|s ed20852b-92b0-314c-bade-7a3ad28b0852
|i c945d543-7380-3e8a-aa01-2b9ab36e5ef4
|t 0
|
| 952 |
f |
f |
|p normal
|a Texas A&M University
|b College Station
|c Sterling C. Evans Library
|s Evans stk
|d Evans: Library Stacks
|t 0
|e TL789.8.U5 K4
|h Library of Congress classification
|i unmediated -- volume
|m A14805556493
|
| 998 |
f |
f |
|a TL789.8.U5 K4
|t 0
|l Evans: Library Stacks
|